BASIC FINANCIAL MANAGEMENT (Record no. 19067)

MARC details
000 -LEADER
fixed length control field 00299nam a22001337a 4500
003 - CONTROL NUMBER IDENTIFIER
control field SGT
020 ## - INTERNATIONAL STANDARD BOOK NUMBER
International Standard Book Number 978-1-25-900463-6
082 ## - DEWEY DECIMAL CLASSIFICATION NUMBER
Classification number 658.15
Item number KHA
100 ## - MAIN ENTRY--PERSONAL NAME
Personal name KHAN, M.Y.
245 ## - TITLE STATEMENT
Title BASIC FINANCIAL MANAGEMENT
260 ## - PUBLICATION, DISTRIBUTION, ETC. (IMPRINT)
Place of publication, distribution, etc DELHI
Name of publisher, distributor, etc MC GRAW HILL
Year of Publication 2017
300 ## - PAGE DESCRIPTION
No. of Pages 19.23
942 ## - ADDED ENTRY ELEMENTS (KOHA)
Source of classification or shelving scheme Dewey Decimal Classification
Koha item type Books
942 ## - ADDED ENTRY ELEMENTS (KOHA)
-- 55
Holdings
Withdrawn status Lost status Source of classification or shelving scheme Damaged status Not for loan Home library Current library Date acquired Vendor Name SGTU Bill Number Total Checkouts Total Renewals Full call number Accession No. (Barcode) Date last seen Date last borrowed Bill Date Koha item type
    Dewey Decimal Classification     SGT Science & Social Sciences Library SGT Science & Social Sciences Library 11/09/2019 KRITI PARKASHAN SGTU IN4626 14 1 658.15 KHA CM5833 15/10/2024 04/09/2024 22/08/2019 Books
    Dewey Decimal Classification     SGT Science & Social Sciences Library SGT Science & Social Sciences Library 11/09/2019 KRITI PARKASHAN SGTU IN4626 14   658.15 KHA CM5834 09/12/2025 15/11/2025 22/08/2019 Books
    Dewey Decimal Classification     SGT Science & Social Sciences Library SGT Science & Social Sciences Library 11/09/2019 KRITI PARKASHAN SGTU IN4626 12   658.15 KHA CM5835 25/11/2024 11/11/2024 22/08/2019 Books
    Dewey Decimal Classification     SGT Science & Social Sciences Library SGT Science & Social Sciences Library 11/09/2019 KRITI PARKASHAN SGTU IN4626 10   658.15 KHA CM5836 10/09/2025 02/09/2025 22/08/2019 Books
    Dewey Decimal Classification     SGT Science & Social Sciences Library SGT Science & Social Sciences Library 11/09/2019 KRITI PARKASHAN SGTU IN4626 16   658.15 KHA CM5837 05/09/2025 02/09/2025 22/08/2019 Books